01159nam a22002535i 4500001000700000003000900007005001700016008004100033080003300074080003200107245016100139260005400300300003000354500011900384504003200503600005500535600005400590655004800644710004100692852002300733942000800756999001900764952012200783168601ES-MaACL20231226152602.0080423s1987 sp |||| | spa d a929 Machado, Antonio (064.3) a929 Machado, Manuel (064.3)04aLos Machado y su tiempo b: exposición itinerante : Sevilla, Madrid, Baeza, Segovia... 1987 / corganizada por la Fundación Española Antonio Machado. a[Madrid] : bFundación Antonio Machado, c1987. a182 p. : bil. ; c30 cm. aLas 2 h. son reprod. de los poemas originales mss. "Pandereta sevillana" y "Cantares" de Manuel y Antonio Machado. aBibliografía: p. 165-167.14aMachado, Antonio,d1875-1939-vExposiciones97515514aMachado, Manuel,d1874-1947-vExposiciones975163 72tgfbne9193628aCatálogos de exposiciones2 aFundación Antonio Machado.9137683 aES-MaACLjL-11365  2udc c168601d168601 00104070aATENEOMbATENEOMcDEPO2d2008-04-23eSCl0oL-11365p1176928r2023-02-23 00:00:00w2023-02-23yMONOGRAFIA